01744naa a22003497a 4500001001000000003000900010005001700019007000300036008003400039040005400073041000900127072002600136090001800162100002100180100001700201100001600218111009800234245022900332246021200561246007100773260003900844500012100883650002101004650000901025650001201034650001201046773011801058909003601176942001401212999001901226952014901245BR8000251BR-BrBNA20240918174539.0ta230509b bl.||||| |||| 00| 0 por d aBR-BrBNAbporcBiblioteca Nacional de Agricultura a(Pt) aF00b0336b3575bG514 aF00 BR80002511 aSilva, A.E.L. da1 aReginato, A.1 aPiccoli, V.1 a7. Reuniao Conjunta de Pesquisa de Soja da Regiao SulcPorto Alegre, RS (Brazil)d30 Jul 19791 aSecagem de sementes de soja. Demonstrativo sobre a secagem de semente de soja na Unidade de Beneficiamento de Semente da APASSUL - safra 78/79 [Associacao dos Produtores de Sementes do Rio Grande do Sul; Glycine max; Brasil]1 a[Drying process of soybean seeds. Demonstration on the drying of soybean seeds the soybean Improvement Unit of the Apassul - 78/79 crop [Seed Producers Association of Rio Grande do Sul; Glycine max; Brazil]]1 a[Synthesis of the research works. Seed production and techonology]3 aPasso Fundo, RS (Brasil): c1979.  aSintese das pesquisas. Producao e tecnologia de sementes Passo Fundo, RS (Brasil): 1979. p. 16-19 (BR8000251-AM)F00  aProducao vegetal aSoja aSemente aSecagem0 tSintese das pesquisas. Producao e tecnologia de sementeswF00 BR8000251gPasso Fundo, RS (Brasil), 1979. p. 16-19 a202404bLuciac55dLucia Elande cAM2AGRIS c311917d311917 002AGRIS40708Acervo Gerala41918b41918cAgrobasel0o0336 BR8000248r2024-05-20t01yAM10d2024-04-11ePortaria Interministerial nÂș 164/94